[Event "14th Costa del Sol it"]
[Site "Torremolinos ESP"]
[Date "1974.01.15"]
[Round "10"]
[White "Ruiz Gutierrez, Manuel"]
[Black "Torre, Eugenio"]
[Result "0-1"]
[WhiteElo "2280"]
[BlackElo "2430"]
[EventDate "1974.02.05"]
[PlyCount "105"]

1.e4 c5 2.Nf3 Nc6 3.g3 Nf6 4.d3 d5 5.Nbd2 g6 6.Bg2 Bg7 7.O-O O-O 8.Re1 d4 
9.a4 e5 10.Nc4 Ne8 11.c3 Nd6 12.cxd4 Nxc4 13.dxc4 cxd4 14.Bd2 a5 15.Qb3 
Qe7 16.h4 Bg4 17.Qb5 Rfd8 18.Bg5 f6 19.Bd2 Bf8 20.Nh2 Be6 21.Nf1 Qc5 22.
Rac1 Qxb5 23.cxb5 Nb4 24.Rc7 Rab8 25.Rd1 Bd6 26.Rcc1 Nd3 27.Rb1 Bb3 28.Nh2
b6 29.Bh3 Nc5 30.f3 Nxa4 31.Ng4 Kg7 32.h5 Nc5 33.Rbc1 Be6 34.h6+ Kf7 35.
Rf1 Nb3 36.Rcd1 Bc4 37.Rf2 Nxd2 38.Rdxd2 d3 39.Ne3 Bxb5 40.Bf1 Bc5 41.Nd5 
Bc4 42.Bxd3 Bxd5 43.exd5 b5 44.Bb1 Ke7 45.g4 Rbc8 46.Kg2 Bxf2 47.Kxf2 Rc5 
48.Be4 f5 49.gxf5 gxf5 50.d6+ Ke6 51.Bb1 Rd7 52.Ba2+ Kf6 53.Bg8 0-1

[Event "14th Costa del Sol it"]
[Site "Torremolinos ESP"]
[Date "1974.01.17"]
[Round "11"]
[White "Cardoso, Rodolfo Tan"]
[Black "Lombardy, William"]
[Result "1-0"]
[WhiteElo "2375"]
[BlackElo "2520"]
[EventDate "1974.02.05"]
[PlyCount "79"]

1.e4 c5 2.Nf3 Nc6 3.d4 cxd4 4.Nxd4 Nf6 5.Nc3 d6 6.g3 Bg4 7.Qd3 Bd7 8.Bg2 
e6 9.O-O a6 10.h3 Be7 11.Be3 Ne5 12.Qe2 Qc7 13.Rad1 Rc8 14.f4 Nc4 15.Bc1 
b5 16.b3 Na5 17.Bb2 Nc6 18.Nf3 b4 19.Nb1 O-O 20.c4 bxc3 21.Nxc3 Qa5 22.e5 
dxe5 23.Nxe5 Nxe5 24.fxe5 Nd5 25.Nxd5 exd5 26.e6 Qb6+ 27.Kh1 Qxe6 28.Qd3 
Qh6 29.Bc1 g5 30.Qe3 Be6 31.Bb2 Bc5 32.Qe5 d4 33.Rxd4 Bxh3 34.Rh4 Bxg2+ 
35.Kh2 Qxh4+ 36.gxh4 Bd6 37.Qxd6 Bxf1 38.Kg1 Rc2 39.Bd4 Rd2 40.Kxf1 1-0

[Event "14th Costa del Sol it"]
[Site "Torremolinos ESP"]
[Date "1974.01.17"]
[Round "11"]
[White "Bellon Lopez, Juan Manuel"]
[Black "Martin Gonzalez, Angel"]
[Result "1-0"]
[WhiteElo "2400"]
[BlackElo "2275"]
[EventDate "1974.02.05"]
[PlyCount "87"]

1.c4 c5 2.g3 Nc6 3.Bg2 g6 4.e3 Bg7 5.Ne2 e5 6.Nbc3 Nge7 7.O-O O-O 8.a3 d6 
9.d3 Be6 10.Nd5 Qd7 11.Nec3 f5 12.Rb1 Rae8 13.b4 g5 14.b5 Nd8 15.b6 axb6 
16.Nxb6 Qc7 17.Bd2 f4 18.Ncd5 Nxd5 19.cxd5 Bf5 20.e4 Bg6 21.Ba5 h5 22.g4 
hxg4 23.Qxg4 Bh6 24.f3 Rf7 25.Bh3 Bf8 26.Rb5 Qe7 27.Qg2 Qf6 28.Na8 Qg7 29.
Rfb1 Bh5 30.Bf5 Bg6 31.Nc7 Rxc7 32.Bxg6 Ree7 33.Bf5 Kf7 34.Qh3 Qh6 35.Qxh6
Bxh6 36.Rb6 Ke8 37.Rxd6 Nf7 38.Rxh6 Nxh6 39.d6 Nxf5 40.exf5 Rcd7 41.dxe7 
Kxe7 42.Rb3 Kf6 43.Bb6 Rd5 44.Rc3 1-0

[Event "14th Costa del Sol it"]
[Site "Torremolinos ESP"]
[Date "1974.01.17"]
[Round "11"]
[White "Langeweg, Christiaan"]
[Black "Ostojic, Predrag"]
[Result "1/2-1/2"]
[WhiteElo "2430"]
[BlackElo "2440"]
[EventDate "1974.02.05"]
[PlyCount "108"]

1.c4 e5 2.Nc3 Nf6 3.Nf3 Nc6 4.e3 Bb4 5.Qc2 O-O 6.d3 Re8 7.Bd2 d5 8.cxd5 
Nxd5 9.Be2 Bf8 10.O-O Ndb4 11.Qb1 Bg4 12.a3 Bxf3 13.gxf3 Re6 14.axb4 Qh4 
15.e4 Qh3 16.Kh1 Nd4 17.Qd1 Rg6 18.Rg1 Rxg1+ 19.Kxg1 Rd8 20.Qf1 Nxf3+ 21.
Bxf3 Qxf3 22.Qe2 Qh3 23.Qe3 Qe6 24.Rxa7 Bxb4 25.Rxb7 Ba5 26.Nd5 Qg4+ 27.
Kf1 Qd1+ 28.Be1 Bxe1 29.Qxe1 Qxd3+ 30.Qe2 Qh3+ 31.Ke1 Qxh2 32.Rxc7 Qh1+ 
33.Kd2 f5 34.f3 Qg1 35.Kc3 fxe4 36.fxe4 Qc1+ 37.Qc2 Qe1+ 38.Qd2 Qg3+ 39.
Qe3 Qg2 40.Qd2 Qg3+ 41.Kc4 Qh4 42.Qg2 Qh6 43.Kd3 Qa6+ 44.Kd2 Qa5+ 45.Ke3 
Qe1+ 46.Qe2 Qg3+ 47.Kd2 h6 48.Kc2 Rb8 49.Nc3 Rf8 50.Qc4+ Kh7 51.Rc8 Qf2+ 
52.Kb3 Qb6+ 53.Ka3 Qa7+ 54.Na4 Qe3+ 1/2-1/2

[Event "14th Costa del Sol it"]
[Site "Torremolinos ESP"]
[Date "1974.01.17"]
[Round "11"]
[White "Westerinen, Heikki"]
[Black "Tarjan, James Edward"]
[Result "1-0"]
[WhiteElo "2435"]
[BlackElo "2415"]
[EventDate "1974.02.05"]
[PlyCount "79"]

1.e4 c5 2.Nf3 d6 3.d4 cxd4 4.Nxd4 Nf6 5.Nc3 g6 6.Be3 Bg7 7.f3 Nc6 8.Qd2 
O-O 9.Bc4 Bd7 10.Bb3 Rc8 11.O-O-O Ne5 12.Bg5 Nc4 13.Qe2 Nxb2 14.Kxb2 Rxc3 
15.Bxf6 Rxb3+ 16.axb3 Bxf6 17.c3 a5 18.f4 Qc7 19.Rhe1 Rc8 20.Qe3 e5 21.
fxe5 Bxe5 22.Qd3 b5 23.Rc1 Qc5 24.Nf3 Bf4 25.Rc2 Be6 26.Nd4 Be5 27.Nxe6 
fxe6 28.Qh3 Kh8 29.Rf1 b4 30.Rf7 h5 31.Qxe6 a4 32.Rb7 Ra8 33.Qf7 bxc3+ 34.
Kb1 Qg1+ 35.Ka2 axb3+ 36.Kxb3 Qb1+ 37.Kc4 Rc8+ 38.Kd5 Qd1+ 39.Ke6 Qg4+ 40.
Ke7 {Time} 1-0

[Event "14th Costa del Sol it"]
[Site "Torremolinos ESP"]
[Date "1974.01.17"]
[Round "11"]
[White "Gheorghiu, Florin"]
[Black "Ruiz Gutierrez, Manuel"]
[Result "1-0"]
[WhiteElo "2550"]
[BlackElo "2280"]
[EventDate "1974.02.05"]
[PlyCount "105"]

1.d4 Nf6 2.c4 e6 3.Nf3 c5 4.e3 d5 5.Nc3 Nc6 6.a3 cxd4 7.exd4 Be7 8.c5 O-O 
9.Bb5 Bd7 10.O-O Ne4 11.Qc2 f5 12.Bxc6 bxc6 13.Bf4 g5 14.Be5 Be8 15.Ne1 
Bg6 16.f4 g4 17.Nd3 h5 18.b4 h4 19.a4 Be8 20.Rfb1 a6 21.Ra3 Ra7 22.Qa2 Kh7
23.Rb2 Rg8 24.Qa1 Qa8 25.Nb1 Bd7 26.Kf1 Qb7 27.Rab3 Rga8 28.Ke2 Kg6 29.Ke3
Kf7 30.Nc3 Qc8 31.Qd1 Qg8 32.Rb1 Rb7 33.Nxe4 dxe4 34.Nb2 a5 35.bxa5 Rxb3+ 
36.Qxb3 Rxa5 37.Nc4 Ra6 38.Bd6 Bf6 39.Bc7 Kg6 40.a5 Bc8 41.Ne5+ Bxe5 42.
dxe5 Ra8 43.Rd1 Qf7 44.Qb6 Qe7 45.Qxc6 Ra6 46.Bb6 Bb7 47.Rd7 Bxc6 48.Rxe7 
Bd5 49.g3 h3 50.c6 Ra8 51.c7 Bc4 52.Kd4 Bd5 53.Kc3 1-0

[Event "14th Costa del Sol it"]
[Site "Torremolinos ESP"]
[Date "1974.01.18"]
[Round "12"]
[White "Cardoso, Rodolfo Tan"]
[Black "Langeweg, Christiaan"]
[Result "1/2-1/2"]
[WhiteElo "2375"]
[BlackElo "2430"]
[EventDate "1974.02.05"]
[PlyCount "90"]

1.e4 c5 2.Nf3 e6 3.d4 cxd4 4.Nxd4 Nc6 5.Be3 Nf6 6.Bd3 d5 7.Nxc6 bxc6 8.e5 
Nd7 9.f4 Nc5 10.O-O Rb8 11.Nd2 a5 12.Nb3 Nxd3 13.cxd3 a4 14.Nd2 Qa5 15.Qc2
Be7 16.b3 a3 17.Qxc6+ Bd7 18.Qc2 Rc8 19.Qd1 Bb5 20.Nf3 Qa6 21.Ne1 O-O 22.
Rf3 Rc7 23.Rh3 Rfc8 24.Bd4 Qa5 25.Bf2 Qc3 26.Rb1 h6 27.Rf3 Qb2 28.Be3 d4 
29.Bd2 Qxa2 30.Rf2 Qb2 31.f5 exf5 32.Bxh6 Qxb1 33.Qxb1 gxh6 34.Qa2 Rc1 35.
Rf1 Bb4 36.e6 fxe6 37.Qe2 Bd7 38.g4 f4 39.Nf3 Rxf1+ 40.Kxf1 Rc1+ 41.Kg2 
Bc6 42.Qxe6+ Kf8 43.Qxh6+ Ke8 44.Qh8+ Bf8 45.Qe5+ Be7 1/2-1/2

[Event "14th Costa del Sol it"]
[Site "Torremolinos ESP"]
[Date "1974.01.18"]
[Round "12"]
[White "Tarjan, James Edward"]
[Black "Bellon Lopez, Juan Manuel"]
[Result "1-0"]
[WhiteElo "2415"]
[BlackElo "2400"]
[EventDate "1974.02.05"]
[PlyCount "66"]

1.e4 c5 2.Nf3 Nc6 3.Bb5 g6 4.O-O Bg7 5.Re1 e5 6.Bxc6 dxc6 7.d3 Ne7 8.Nbd2 
O-O 9.Nc4 Qc7 10.Qe2 b6 11.b3 f5 12.Bb2 fxe4 13.Qxe4 Rf4 14.Bxe5 Rxe4 15.
Bxc7 Rxc4 16.bxc4 Bxa1 17.Rxa1 Nf5 18.Re1 Bd7 19.Ne5 Be8 20.g4 Nd4 21.c3 
Ne6 22.Bd6 Nf4 23.h4 h6 24.Kh2 Rd8 25.Be7 Rc8 26.Kg3 Ne6 27.f4 Ng7 28.Kf3 
Bf7 29.a4 Rc7 30.Bd6 Rb7 31.d4 cxd4 32.cxd4 Ne8 33.Nxf7 Kxf7 {und nach 43 
Zugen} 1-0

[Event "14th Costa del Sol it"]
[Site "Torremolinos ESP"]
[Date "1974.01.18"]
[Round "12"]
[White "Ruiz Gutierrez, Manuel"]
[Black "Westerinen, Heikki"]
[Result "0-1"]
[WhiteElo "2280"]
[BlackElo "2435"]
[EventDate "1974.02.05"]
[PlyCount "58"]

1.d4 g6 2.e4 Bg7 3.f4 d5 4.e5 Nh6 5.Nf3 O-O 6.Bd3 c5 7.c3 cxd4 8.cxd4 Nc6 
9.Nc3 Bg4 10.Be3 e6 11.h3 Bxf3 12.Qxf3 f6 13.exf6 Bxf6 14.Qf2 e5 15.dxe5 
Bxe5 16.O-O-O d4 17.Bb5 dxe3 18.Qe2 Bd6 19.Bxc6 bxc6 20.Ne4 Rf6 21.g4 Nf7 
22.f5 Qe7 23.Qc4 Re8 24.Nxf6+ Qxf6 25.g5 Qxg5 26.Rxd6 e2+ 27.Kc2 Qxf5+ 28.
Kd2 e1=Q+ 29.Rxe1 Qf2+ 0-1

[Event "14th Costa del Sol it"]
[Site "Torremolinos ESP"]
[Date "1974.01.18"]
[Round "12"]
[White "Estevez Morales, Guillermo"]
[Black "Torre, Eugenio"]
[Result "0-1"]
[WhiteElo "2345"]
[BlackElo "2430"]
[EventDate "1974.02.05"]
[PlyCount "142"]

1.d4 Nf6 2.c4 g6 3.Nc3 Bg7 4.e4 d6 5.Be2 O-O 6.Bg5 h6 7.Bf4 Nc6 8.Qd2 Nxd4
9.Qxd4 e5 10.Bxe5 dxe5 11.Qxd8 Rxd8 12.Nf3 Ne8 13.Nd2 Bf8 14.O-O-O Be6 15.
f3 c6 16.Kc2 b6 17.Nb3 Nd6 18.c5 Nc4 19.Bxc4 Bxc4 20.cxb6 axb6 21.Nc1 Bc5 
22.a3 Kf8 23.Nd3 Bd6 24.Rd2 Ke7 25.Rhd1 Be6 26.Nb4 Bxb4 27.axb4 Rxd2+ 28.
Rxd2 b5 29.Rd1 h5 30.Kd3 Bb3 31.Rc1 Rd8+ 32.Ke3 Rd4 33.f4 Kd6 34.Ne2 Rxb4 
35.fxe5+ Kxe5 36.Rxc6 Rxe4+ 37.Kf2 Rb4 38.Nc1 Rf4+ 39.Ke3 Re4+ 40.Kf2 Bd5 
41.Rc2 Rc4 42.Nd3+ Kd4 43.Rd2 Be4 44.Nf4+ Ke5 45.Ke3 Rb4 46.g3 Rb3+ 47.Kf2
Rf3+ 48.Ke1 h4 49.Rd7 hxg3 50.hxg3 Kf6 51.Rd4 Ke5 52.Rd7 Rxg3 53.Ne2 Bf5 
54.Re7+ Kf6 55.Rxf7+ Kxf7 56.Nxg3 Ke6 57.Kd2 Ke5 58.Ke3 g5 59.Ne2 Bd7 60.
Kf3 Kd5 61.Ke3 Kc5 62.Nc1 Bc6 63.Ne2 g4 64.Kf4 Bf3 65.Nc1 Kd4 66.Kg3 Ke3 
67.Na2 Kd3 68.Nb4+ Kd2 69.Na6 Kc2 70.Nc7 b4 71.Na6 b3 0-1

[Event "14th Costa del Sol it"]
[Site "Torremolinos ESP"]
[Date "1974.01.19"]
[Round "13"]
[White "Martin Gonzalez, Angel"]
[Black "Tarjan, James Edward"]
[Result "1-0"]
[WhiteElo "2275"]
[BlackElo "2415"]
[EventDate "1974.02.05"]
[PlyCount "77"]

1.e4 c5 2.Nf3 d6 3.d4 cxd4 4.Nxd4 Nf6 5.Nc3 g6 6.Be3 Bg7 7.f3 Nc6 8.Qd2 
O-O 9.Bc4 Bd7 10.h4 Rc8 11.Bb3 Ne5 12.O-O-O Nc4 13.Bxc4 Rxc4 14.h5 Nxh5 
15.g4 Nf6 16.Nde2 Re8 17.e5 Nxg4 18.fxg4 Bxg4 19.exd6 Qxd6 20.Qe1 Qa6 21.
Rd3 b5 22.Kb1 Bf5 23.Rd4 h5 24.Rxc4 bxc4 25.Nd4 Bg4 26.Rf1 Qb7 27.Qf2 f5 
28.Bc1 Rd8 29.Ne6 Rc8 30.Nxg7 Kxg7 31.Qf4 Kf7 32.Qh6 Rg8 33.Bf4 Qc8 34.Re1
Rh8 35.Rxe7+ Kxe7 36.Qg7+ Ke6 37.Qxg6+ Kd7 38.Qf7+ Kc6 39.Qd5+ 1-0

[Event "14th Costa del Sol it"]
[Site "Torremolinos ESP"]
[Date "1974.01.19"]
[Round "13"]
[White "Quinteros, Miguel Angel"]
[Black "Cardoso, Rodolfo Tan"]
[Result "1-0"]
[WhiteElo "2520"]
[BlackElo "2375"]
[EventDate "1974.02.05"]
[PlyCount "99"]

1.d4 g6 2.c4 Bg7 3.Nc3 d6 4.e4 Nd7 5.Nf3 f6 6.Be2 e5 7.Be3 Ne7 8.d5 c5 9.
g4 h6 10.h4 Nb6 11.Nd2 a6 12.a3 Qc7 13.b4 Nd7 14.Nb3 b6 15.f3 Rb8 16.Qd2 
f5 17.O-O-O f4 18.Bf2 Rb7 19.Kb2 Nb8 20.bxc5 bxc5 21.Ka2 Ng8 22.Rb1 Bf8 
23.Rb2 Rh7 24.Rhb1 Be7 25.Na4 Nf6 26.Be1 Bd8 27.Bd1 Nfd7 28.Qc1 Nf8 29.Na5
Rxb2+ 30.Qxb2 Nfd7 31.Qb3 Rg7 32.Rb2 Kf8 33.Qd3 Bxh4 34.Bxh4 Qxa5 35.Qf1 
Qc7 36.Be1 Rh7 37.Bc3 Nf6 38.Qe1 Nbd7 39.Ba5 Qa7 40.Bd8 Ke8 41.Qa5 Kf7 42.
Nb6 Nxb6 43.Rxb6 Ne8 44.Ba4 h5 45.g5 h4 46.Bxe8+ Kxe8 47.Rxd6 h3 48.Bf6 
Rd7 49.Rc6 Qb7 50.Qxc5 1-0

[Event "14th Costa del Sol it"]
[Site "Torremolinos ESP"]
[Date "1974.01.19"]
[Round "13"]
[White "Bellon Lopez, Juan Manuel"]
[Black "Ruiz Gutierrez, Manuel"]
[Result "1-0"]
[WhiteElo "2400"]
[BlackElo "2280"]
[EventDate "1974.02.05"]
[PlyCount "63"]

1.c4 e5 2.g3 Nf6 3.Bg2 d5 4.cxd5 Nxd5 5.Nc3 Nxc3 6.bxc3 Bd6 7.Rb1 c6 8.Nf3
O-O 9.O-O Nd7 10.d3 Qe7 11.e4 Rd8 12.Nh4 Nf8 13.Nf5 Bxf5 14.exf5 Rd7 15.
Re1 Rad8 16.d4 Qf6 17.Qg4 h6 18.h4 Nh7 19.Bb2 Bc7 20.Re2 exd4 21.cxd4 Qd6 
22.Rd1 Nf6 23.Qf3 Nd5 24.Rde1 Qf6 25.Qg4 Bd6 26.Re8+ Kh7 27.Bc1 Rxe8 28.
Rxe8 Be7 29.Be4 Nc7 30.Rc8 Bd8 31.Bf4 Qxd4 32.Bxc7 1-0

[Event "14th Costa del Sol it"]
[Site "Torremolinos ESP"]
[Date "1974.01.19"]
[Round "13"]
[White "Torre, Eugenio"]
[Black "Ostojic, Predrag"]
[Result "1-0"]
[WhiteElo "2430"]
[BlackElo "2440"]
[EventDate "1974.02.05"]
[PlyCount "147"]

1.e4 c5 2.Nf3 d6 3.c3 Nf6 4.Bd3 g6 5.Bc2 Bg7 6.O-O O-O 7.d4 Nc6 8.dxc5 
dxc5 9.Qe2 Qc7 10.Re1 e6 11.Nbd2 b6 12.Nf1 Bb7 13.e5 Nd7 14.Bf4 Ne7 15.
N1d2 Nd5 16.Bg3 Bh6 17.Kh1 Kg7 18.Qc4 Bc6 19.Qg4 Ne7 20.Ng5 Nf5 21.Bf4 
Bxg5 22.Qxg5 Qd8 23.Qg4 h5 24.Qg5 Qxg5 25.Bxg5 Rae8 26.Ne4 Bxe4 27.Rxe4 f6
28.exf6+ Nxf6 29.Re2 Kf7 30.Rae1 Re7 31.f3 Rd8 32.g4 Ng7 33.Bb3 Rd3 34.Kg2
Re8 35.h3 b5 36.c4 a6 37.Be3 Nd7 38.Bh6 Nf8 39.Re5 hxg4 40.fxg4 Rc8 41.
Rf1+ Kg8 42.Re2 Kh7 43.Bg5 Kg8 44.Ref2 Nh7 45.Bh6 Rf8 46.Bc2 Rd7 47.cxb5 
axb5 48.Bxg6 Rxf2+ 49.Rxf2 Nf8 50.Be4 Ra7 51.a3 Nd7 52.Be3 Rc7 53.h4 c4 
54.h5 Ne8 55.g5 Nd6 56.Bb1 c3 57.h6 Nf5 58.Bxf5 exf5 59.b4 Ne5 60.Rxf5 Re7
61.g6 Nxg6 62.Bg5 Re2+ 63.Kf3 Ra2 64.Rxb5 Rxa3 65.Ke2 Nf8 66.Rb7 Ra6 67.
Kd3 Rg6 68.Bf4 Rf6 69.Be3 Ne6 70.Kxc3 Rf3 71.Kd3 Rh3 72.Ke4 Rh5 73.b5 Nc5+
74.Bxc5 1-0

[Event "14th Costa del Sol it"]
[Site "Torremolinos ESP"]
[Date "1974.01.19"]
[Round "13"]
[White "Gheorghiu, Florin"]
[Black "Estevez Morales, Guillermo"]
[Result "1-0"]
[WhiteElo "2550"]
[BlackElo "2345"]
[EventDate "1974.02.05"]
[PlyCount "69"]

1.Nf3 g6 2.d4 Bg7 3.e4 d6 4.Nc3 Nf6 5.Be2 O-O 6.O-O Nc6 7.d5 Nb8 8.h3 e5 
9.dxe6 Bxe6 10.Bg5 Nc6 11.Qd2 Ne5 12.Rad1 Qe8 13.Rfe1 Nxf3+ 14.Bxf3 Nd7 
15.Bh6 Qd8 16.Bxg7 Kxg7 17.Be2 Qf6 18.f4 Nb6 19.b3 c6 20.a4 Rad8 21.a5 Nc8
22.Bf3 Qh4 23.Ne2 c5 24.Qc3+ Kg8 25.e5 dxe5 26.Qxe5 b6 27.axb6 axb6 28.Nc3
Rde8 29.Nd5 f6 30.Qb8 Ne7 31.Qxb6 Nxd5 32.Qxc5 Nxf4 33.Qf2 Qh6 34.Qg3 Nd5 
35.Rxd5 1-0